| 000 | 00619nam a2200193Ia 4500 | ||
|---|---|---|---|
| 008 | 240729s9999 xx 000 0 und d | ||
| 022 | _a2460-8963 | ||
| 245 | 0 | _aJournal of Consumer Sciences | |
| 260 | _aIndonesia | ||
| 260 | _bDepartment of Family and Consumer Sciences, Faculty of Human Ecology, IPB University | ||
| 650 | _a Business | ||
| 650 | _a Commerce | ||
| 650 | _a Marketing. Distribution of products | ||
| 650 | _a The family. Marriage. Woman | Social Sciences | ||
| 650 | _aSocial Sciences | ||
| 856 | _uhttps://doaj.org/toc/3a239dd8f8eb4a2299ccf48cc6b385e3 | ||
| 942 | _2ddc | ||
| 942 | _cDOAJEJ | ||
| 999 |
_c72935 _d72935 |
||
| 945 |
_a1 _bMadushi Gamage _c1 _dMadushi Gamage |
||